| 000 | 00698cam a22002411 4500 | ||
|---|---|---|---|
| 001 | ne 63002115 | ||
| 003 | DLC | ||
| 005 | 20260227111751.0 | ||
| 008 | 901016s1962 le ab b 000 0 arar | ||
| 010 | _ane 63002115 | ||
| 025 | _aPL480:UAR-3174 | ||
| 035 | _a(OCoLC)22525567 | ||
| 040 |
_aDLC _cWaU _dWaU _dDLC |
||
| 042 | _apremarc | ||
| 043 | _aaw----- | ||
| 050 | 0 | 0 |
_aDS58 _b.K45 |
| 100 | 1 | _aKhāzin, Nasīb Wahībah. | |
| 245 | 1 | 0 |
_aMin al-Sāmīyīn ilá al-ʻArab, _ctaʼlīf Nasīb Wahībah al-Khāzin. |
| 260 |
_aBayrūt, _bDār Maktabat al-Ḥayāh _c[1962] |
||
| 300 |
_a207 p. _billus., maps. _c24 cm. |
||
| 504 | _aBibliography: p. 189-204. | ||
| 650 | 0 |
_aEthnology _zMiddle East. |
|
| 999 |
_c46325 _d46325 |
||